Statistics for Famous European Birthplaces on a Map

Click here to take the quiz!

General Stats

  • This quiz has been taken 3,511 times
    (1,964 since last reset)
  • The average score is 16 of 25

Answers on the Map

Answers color-coded by a green-red scale on the quiz's map according to % correct below.
 

Answer Stats

Answer% Correct
Napoleon Bonaparte
84%
Vladimir Putin
81%
Pablo Picasso
80%
Vincent van Gogh
79%
Aristotle
77%
Joan of Arc
77%
Ferdinand Magellan
76%
Julius Caesar
76%
Leonardo da Vinci
75%
Adam Smith
73%
Christopher Columbus
73%
Marie Curie
73%
Nikola Tesla
71%
Adolf Hitler
68%
Mother Teresa
68%
Elizabeth I
63%
Isaac Newton
63%
Claude Monet
56%
Plato
54%
William Shakespeare
53%
Albert Einstein
48%
Wolfgang Amadeus Mozart
46%
Johann Sebastian Bach
45%
Sigmund Freud
42%
Karl Marx
41%

Score Distribution

Percentile by Number Answered

Percent of People with Each Score

Your Score History

You have not taken this quiz since the last reset